Morning sun and the lost girl

Bibliographic Details
Main Author: Morris,Neil
Format: Book
Published: New Jersey : Silver burdett company , 1984

MARC

LEADER 00000cam a2200000 7i4500
001 0000072808
005 20170517.0
008 170517
020 |a 0382068920 
090 0 0 |a JF   |b ENG 
100 1 |a Morris,Neil 
245 1 1 |a Morning sun and the lost girl   |c Neil Morris;Ting Morris 
260 |a New Jersey :   |b Silver burdett company ,   |c 1984 
999 |a 0000397659   |b Book   |c Children Collection   |e Cawangan Pontian